Music Quiz

Random Music or The Beatles Quiz
Score 0/15 Timer 04:00
10 Plays Today
Question Answer Wrong Answers
Where were The Beatles formed? Liverpool
97%
Manchester
1.7%
Leeds
0.8%
Oxford
0.5%
Which Beatle married Yoko Ono? John Lennon
89.3%
Paul McCartney
0.9%
Ringo Starr
0.7%
George Harrison
0.5%
Complete the name of this song: 'Strawberry Fields _____.' Forever
86.8%
Salad
0.3%
Resort
0.5%
Flowers
1.1%
Which album cover features The Beatles walking across a zebra crossing? 'Abbey Road'
85.6%
'A Hard Day's Night'
1.5%
'Help!'
1.2%
'Let It Be'
1.1%
Which Beatle was the first to earn a knighthood and the right to be called 'Sir'? Paul McCartney
84.5%
John Lennon
2.5%
George Harrison
0.9%
Ringo Starr
0.7%
On what TV show did The Beatles debut in the US? The Ed Sullivan Show
82.6%
The Dick Van Dyke Show
2.4%
American Bandstand
1.8%
Saturday Night Live
2.3%
What is Ringo Starr's real name? Richard Starkey
82.6%
Ronald Stern
4%
Albert Stroller
1.4%
Patrick Stone
1.8%
Which Beatle wrote 'While My Guitar Gently Weeps'? George Harrison
76.5%
John Lennon
3.6%
Paul McCartney
7.7%
Ringo Starr
1.1%
In which German city did The Beatles often play in clubs before breaking through? Hamburg
71.8%
Dresden
6.4%
Bremen
2.1%
Berlin
10%
What year did The Beatles break up? 1970
65.6%
1968
11.7%
1975
9.5%
1966
1.4%
What was the first single released by The Beatles? 'Love Me Do'
62%
'Let It Be'
2.7%
'Yesterday'
2%
'She Loves You'
26.2%
Who managed The Beatles from 1962 to 1967? Brian Epstein
61.1%
Pete Best
6.6%
Charles Silver
1.7%
George Martin
19%
What was the last studio album released by The Beatles? 'Let It Be'
59.2%
'Revolver'
10.9%
'Rubber Soul'
7%
'Sgt. Pepper's Lonely Hearts Club Band'
11.7%
Who was the oldest member of The Beatles? Ringo Starr
46.7%
John Lennon
24.1%
Paul McCartney
6.8%
George Harrison
16.6%
What song originally had the working title 'Scrambled Eggs'? 'Yesterday'
44.4%
'Yellow Submarine'
21.6%
'Here Comes the Sun'
11.2%
'Twist and Shout'
10.9%

You're not logged in!

Compare scores with friends on all Sporcle quizzes.
OR
Log In

Sporcle TV

Today on Sporcle TV


Watch our educational content, quiz creation guides, and fun videos on Sporcle TV.

Show Comments

Extras

Top Quizzes Today


Score Distribution

Your Account Isn't Verified!

In order to create a playlist on Sporcle, you need to verify the email address you used during registration. Go to your Sporcle Settings to finish the process.

Report this User

Report this user for behavior that violates our Community Guidelines.

Details: